Sympatická posadnutosť : Zápal zberateľa popolníkov nevychladol ani po 32 rokoch
| Hlavný autor: | |
|---|---|
| Médium: | Článok |
| Jazyk: | Slovak |
| Témy: | |
| Zdroj: |
1. My víkend |
| LEADER | 00710nab#a2200301#ar4500 | ||
|---|---|---|---|
| 001 | 000012813 | ||
| 003 | SVKKK | ||
| 005 | 00000000000000.0 | ||
| 008 | c xo e sloo | ||
| FMT | |||
| 038 | |a SVKKK | ||
| 040 | |a SVKKK |b slo |e AACR2 | ||
| 041 | 0 | |a slo | |
| 044 | |a xo |c SK | ||
| 080 | |a 379.82 |2 1981 | ||
| 100 | 1 | |a Galan, Peter |4 aut | |
| 245 | 1 | 0 | |a Sympatická posadnutosť : |b Zápal zberateľa popolníkov nevychladol ani po 32 rokoch |c Galan Peter, |
| 300 | |b Fotogr. 1 | ||
| 600 | 1 | 4 | |a Bačo, Štefan, |x zberateľ |
| 773 | 0 | |t My víkend | |
| 957 | |a Košice | ||
| 958 | |a KE | ||
| 958 | |a RE | ||
| 974 | |d 970108 |a Čr | ||
| 992 | |a RBX | ||
| BAS | |||
| 852 | |a SVKKK |b BIB | ||
| 998 | |a REG | ||